000 00853nam a22001697a 4500
003 UA-OsUOA
001 18080
007 ta
008 20040419b un ||||| |||| 00| 0 ukr d
100 _aКрупенко О.М.
942 _cSA
040 _aUA-OsUOA
_cUA-OsUOA
_dUA-OsUOA
245 _aРеалізація програм і що це дасть
_b[інтерв'ю із заст. начальника упр. сіл. госп-ва і продовольства райдержадміністрації О.М.Крупенком про досягнення р-ну у веденні сіл. виробництва у 2003 р.]/Розмовляла В.Криловець
_cКрупенко О.М.
955 _a0
773 0 _w0
_tРокитнівщина
_dРокитне
_d2004
_g№22/17 берез./
650 7 _aКраєзнавча робота
_2UDC
999 _c304250
_d304250